000
00283nam a2200097Ia 4500
008
160329s9999 xx 000 0 und d
245
_a
AITopics
500
_a
A collection of information on Artificial Intelligence
650
_a
Information Technology.
856
_u
http://aitopics.org/
999
_c
292978
_d
292978